000 00234nam a2200097Ia 4500
008 120527s9999 xx 000 0 und d
100 _aLOUIS, Fisher
245 _aAmerican Constitutional Law
260 _bCarolina Academy
942 _cBK
999 _c25451
_d25451